| 000 | 00355nam a22001577a 4500 | ||
|---|---|---|---|
| 003 | SGT | ||
| 020 | _a978-1-4511-7327-7 | ||
| 082 |
_a611 _bB14K |
||
| 100 | _aKICRNAN, JOHN A. | ||
| 245 | _aBARR'S THE HUMAN NERVOUS SYSTEM | ||
| 250 | _a10TH | ||
| 260 |
_aPHILADELPHIA _bWOLTERS KLUWER _c2014 |
||
| 300 | _a423 | ||
| 650 | _aANATOMY | ||
| 942 |
_2ddc _cBK |
||
| 999 |
_c15560 _d15560 |
||